El matrimonio de herejes. Bifurcación del impedimentum disparis cultus y divorcio por herejía
Zapisane w:
| 1. autor: | |
|---|---|
| Format: | Książka |
| Język: | hiszpański |
| Wydane: |
Salamanca, España
Consejo Superior de Investigaciones Científicas
1972
|
| Hasła przedmiotowe: | |
| Etykiety: |
Dodaj etykietę
Nie ma etykietki, Dołącz pierwszą etykiete!
|
MARC
| LEADER | 00000nam a2200000 a 4500 | ||
|---|---|---|---|
| 001 | UCV0098 | ||
| 003 | CL-VaPUC | ||
| 005 | 20200728114936.0 | ||
| 008 | 880324e19720000SP |||||||||||||||||spa|d | ||
| 999 | |c 208839 |d 208837 | ||
| 040 | |c Pontificia Universidad Católica de Valparaíso | ||
| 082 | 0 | 4 | |a 262.933 CAN 1972 |2 21 |
| 100 | 0 | |a Cantelar Rodríguez, Francisco |e author |9 294817 | |
| 245 | 1 | 3 | |a El matrimonio de herejes. |b Bifurcación del impedimentum disparis cultus y divorcio por herejía |
| 260 | |a Salamanca, España |b Consejo Superior de Investigaciones Científicas |c 1972 | ||
| 300 | |a 204 páginas | ||
| 583 | |a last modification |c 19880324 00:00:00 |k Rodrigo Vera | ||
| 650 | 7 | |a MATRIMONIO |2 CL-VaPUC |9 294818 | |
| 650 | 7 | |a DERECHO CANONICO |2 CL-VaPUC |9 294819 | |
| 650 | 7 | |a NULIDAD DEL MATRIMONIO |2 CL-VaPUC |9 294820 | |
| 852 | |a BIBDER | ||
| 942 | |c BK |2 ddc | ||
| 945 | |d 19880324 00:00:00 | ||
| 952 | |0 0 |1 0 |4 0 |6 262_933000000000000_CAN_1972 |7 0 |8 A |9 183779 |a BIBDER |b BIBDER |d 2019-11-14 |i 2501600 |o 262.933 CAN 1972 |p 2501600 |r 2023-01-25 |w 2019-11-14 |y BK |k DER | ||